[Event "Deutsche Ländermeisterschaft 2021"]
[Site "Neumünster GER"]
[Date "2021.10.04"]
[Round "5"]
[White "Dauner, Benedikt"]
[Black "Gutkin, Ilya"]
[Result "1-0"]
[Termination "normal"]
[Board "2.2"]
[BlackTitle "FM"]
[WhiteElo "2133"]
[BlackElo "2300"]
[WhiteClock "00:34:29"]
[BlackClock "00:01:42"]
[WhiteTeam "Baden"]
[BlackTeam "Nordrhein-Westfalen"]
[PlyCount "139"]
[WhiteFideId "16225899"]
[BlackFideId "16203470"]
[EventCountry "GER"]
[EventRounds "7"]
[EventType "team-swiss"]
[EventDate "2021.10.01"]

1. d4 {[%clk 1:30:54]} e6 {[%clk 1:30:50]} 2. Nf3 {[%clk 1:31:18]} Nf6 {[%clk
1:31:11]} 3. Bf4 {[%clk 1:31:33]} c5 {[%clk 1:29:21]} 4. c3 {[%clk 1:31:52]}
Be7 {[%clk 1:28:40]} 5. e3 {[%clk 1:30:49]} O-O {[%clk 1:28:23]} 6. Bd3 {[%clk
1:30:54]} b6 {[%clk 1:28:29]} 7. h3 {[%clk 1:31:00]} Bb7 {[%clk 1:27:57]} 8.
O-O {[%clk 1:31:13]} cxd4 {[%clk 1:24:17]} 9. cxd4 {[%clk 1:31:21]} d6 {[%clk
1:22:31]} 10. Nc3 {[%clk 1:30:26]} Nbd7 {[%clk 1:11:20]} 11. Bh2 {[%clk
1:29:34]} a6 {[%clk 1:07:12]} 12. Qe2 {[%clk 1:29:11]} Re8 {[%clk 1:05:31]} 13.
e4 {[%clk 1:28:36]} Bf8 {[%clk 1:01:08]} 14. Rfd1 {[%clk 1:27:18]} b5 {[%clk
0:54:43]} 15. a3 {[%clk 1:25:37]} g6 {[%clk 0:46:58]} 16. Rac1 {[%clk 1:20:20]}
Qb6 {[%clk 0:38:36]} 17. Bb1 {[%clk 1:19:03]} Rac8 {[%clk 0:35:16]} 18. Bf4
{[%clk 1:15:42]} Qa7 {[%clk 0:26:28]} 19. Be3 {[%clk 1:08:20]} Qa8 {[%clk
0:26:21]} 20. Nd2 {[%clk 1:08:27]} Rc7 {[%clk 0:22:21]} 21. f3 {[%clk 1:07:00]}
e5 {[%clk 0:16:05]} 22. d5 {[%clk 1:06:17]} Nh5 {[%clk 0:15:27]} 23. Nb3 {[%clk
1:04:10]} Be7 {[%clk 0:14:48]} 24. Na2 {[%clk 1:00:43]} Rxc1 {[%clk 0:14:33]}
25. Rxc1 {[%clk 1:00:10]} Rc8 {[%clk 0:14:57]} 26. Rxc8+ {[%clk 0:51:53]} Qxc8
{[%clk 0:15:16]} 27. Qc2 {[%clk 0:52:12]} Bd8 {[%clk 0:14:53]} 28. Nb4 {[%clk
0:47:00]} Qxc2 {[%clk 0:13:55]} 29. Bxc2 {[%clk 0:45:42]} Kf8 {[%clk 0:12:30]}
30. Nd3 {[%clk 0:43:29]} f5 {[%clk 0:08:20]} 31. Nd2 {[%clk 0:39:20]} Ba5
{[%clk 0:03:04]} 32. Nb3 {[%clk 0:37:31]} Bd8 {[%clk 0:03:26]} 33. Nd2 {[%clk
0:37:54]} Bb6 {[%clk 0:02:05]} 34. Kf2 {[%clk 0:34:58]} f4 {[%clk 0:01:34]} 35.
Bxb6 {[%clk 0:35:21]} Nxb6 {[%clk 0:02:01]} 36. b3 {[%clk 0:34:54]} Ke7 {[%clk
0:01:57]} 37. a4 {[%clk 0:34:28]} bxa4 {[%clk 0:01:02]} 38. bxa4 {[%clk
0:34:50]} a5 {[%clk 0:00:43]} 39. Nb2 {[%clk 0:34:31]} Ba6 {[%clk 0:00:39]} 40.
Nb3 {[%clk 0:34:45]} Nf6 {[%clk 0:00:36]} 41. Nxa5 {[%clk 0:34:49]} Kd7 {[%clk
0:28:51]} 42. Nc6 {[%clk 1:03:30]} Kc7 {[%clk 0:28:28]} 43. Nb4 {[%clk
1:00:23]} Kb7 {[%clk 0:26:00]} 44. Bb3 {[%clk 0:49:54]} Nc8 {[%clk 0:21:18]}
45. Bc4 {[%clk 0:49:33]} Bxc4 {[%clk 0:21:40]} 46. Nxc4 {[%clk 0:49:59]} Ne8
{[%clk 0:19:55]} 47. a5 {[%clk 0:49:15]} Nc7 {[%clk 0:19:23]} 48. g3 {[%clk
0:48:17]} g5 {[%clk 0:17:22]} 49. h4 {[%clk 0:48:15]} h6 {[%clk 0:17:03]} 50.
Kg2 {[%clk 0:42:08]} Ne8 {[%clk 0:10:33]} 51. hxg5 hxg5 {[%clk 0:10:58]} 52.
gxf4 {[%clk 0:41:27]} gxf4 {[%clk 0:08:52]} 53. Kh3 {[%clk 0:41:45]} Nc7 {[%clk
0:09:13]} 54. Kg4 {[%clk 0:41:57]} Nb5 {[%clk 0:09:33]} 55. Kg5 {[%clk
0:41:09]} Nd4 {[%clk 0:08:59]} 56. Nd2 {[%clk 0:41:25]} Nb5 {[%clk 0:03:48]}
57. Kf6 {[%clk 0:41:40]} Nc7 {[%clk 0:03:29]} 58. Nc4 {[%clk 0:41:47]} Nb5
{[%clk 0:03:29]} 59. Ke6 {[%clk 0:39:48]} Nd4+ {[%clk 0:03:16]} 60. Kd7 {[%clk
0:40:08]} Nxf3 {[%clk 0:00:42]} 61. a6+ {[%clk 0:40:30]} Ka7 {[%clk 0:01:05]}
62. Kxc8 {[%clk 0:40:11]} Nd4 {[%clk 0:01:03]} 63. Nxd6 {[%clk 0:35:00]} f3
{[%clk 0:01:12]} 64. Nd3 {[%clk 0:33:49]} Kxa6 {[%clk 0:01:31]} 65. Nc4 {[%clk
0:33:45]} Nb3 {[%clk 0:01:01]} 66. d6 {[%clk 0:33:42]} Nd4 {[%clk 0:00:39]} 67.
d7 {[%clk 0:34:02]} Ne6 {[%clk 0:01:03]} 68. d8=Q {[%clk 0:33:48]} Nxd8 {[%clk
0:01:29]} 69. Kxd8 {[%clk 0:34:07]} Kb5 {[%clk 0:01:42]} 70. Ncxe5 {[%clk
0:34:29]} 1-0

[Event "Deutsche Ländermeisterschaft 2021"]
[Site "Neumünster GER"]
[Date "2021.10.04"]
[Round "5"]
[White "Runte, Moritz"]
[Black "Hecht, Jonas Christian"]
[Result "1-0"]
[Termination "normal"]
[Board "2.3"]
[WhiteElo "2151"]
[BlackElo "1968"]
[WhiteClock "00:29:23"]
[BlackClock "00:22:02"]
[WhiteTeam "Nordrhein-Westfalen"]
[BlackTeam "Baden"]
[PlyCount "97"]
[WhiteFideId "12991449"]
[BlackFideId "16214846"]
[EventCountry "GER"]
[EventRounds "7"]
[EventType "team-swiss"]
[EventDate "2021.10.01"]

1. e4 {[%clk 1:30:57]} e5 {[%clk 1:30:55]} 2. Nf3 {[%clk 1:31:14]} Nf6 {[%clk
1:31:21]} 3. Nc3 {[%clk 1:30:52]} Bb4 {[%clk 1:30:23]} 4. Nxe5 {[%clk 1:23:39]}
d6 {[%clk 1:21:06]} 5. Nd3 {[%clk 1:21:06]} Bxc3 {[%clk 1:21:04]} 6. dxc3
{[%clk 1:21:26]} Nxe4 {[%clk 1:20:28]} 7. Be2 {[%clk 1:21:17]} O-O {[%clk
1:20:05]} 8. O-O {[%clk 1:20:45]} h6 {[%clk 1:09:13]} 9. Re1 {[%clk 1:17:51]}
Re8 {[%clk 1:02:47]} 10. Bf3 {[%clk 1:15:43]} Bf5 {[%clk 0:55:57]} 11. c4
{[%clk 1:04:47]} Nc6 {[%clk 0:46:08]} 12. b3 {[%clk 0:57:31]} Qd7 {[%clk
0:35:21]} 13. Bb2 {[%clk 0:54:26]} Ng5 {[%clk 0:32:42]} 14. Bd5 {[%clk
0:53:29]} Rxe1+ {[%clk 0:28:32]} 15. Qxe1 {[%clk 0:53:19]} Bxd3 {[%clk
0:19:53]} 16. cxd3 {[%clk 0:52:48]} Qf5 {[%clk 0:20:08]} 17. Qe2 {[%clk
0:49:24]} Qg6 {[%clk 0:16:41]} 18. Qg4 {[%clk 0:38:05]} h5 {[%clk 0:13:43]} 19.
Qg3 {[%clk 0:37:07]} Ne7 {[%clk 0:10:48]} 20. Bxb7 {[%clk 0:32:31]} Rb8 {[%clk
0:07:39]} 21. h4 {[%clk 0:28:22]} Ne6 {[%clk 0:06:51]} 22. Qf3 {[%clk 0:26:05]}
Nf5 {[%clk 0:05:25]} 23. Bd5 {[%clk 0:16:42]} Nxh4 {[%clk 0:04:19]} 24. Qh3
{[%clk 0:14:05]} Qg4 {[%clk 0:03:38]} 25. Bxe6 {[%clk 0:14:04]} fxe6 {[%clk
0:04:07]} 26. Qxg4 {[%clk 0:14:23]} hxg4 {[%clk 0:04:35]} 27. Re1 {[%clk
0:14:39]} e5 {[%clk 0:04:07]} 28. Re4 {[%clk 0:14:41]} Ng6 {[%clk 0:04:28]} 29.
g3 {[%clk 0:13:42]} Nf8 {[%clk 0:03:23]} 30. d4 {[%clk 0:12:39]} exd4 {[%clk
0:03:19]} 31. Bxd4 {[%clk 0:12:56]} c5 {[%clk 0:03:10]} 32. Bc3 {[%clk
0:12:51]} Rb7 {[%clk 0:03:16]} 33. Rxg4 {[%clk 0:12:53]} Ne6 {[%clk 0:03:38]}
34. Re4 {[%clk 0:12:37]} Kf7 {[%clk 0:04:02]} 35. f4 {[%clk 0:10:36]} g6 {[%clk
0:03:33]} 36. Kf2 {[%clk 0:09:11]} Re7 {[%clk 0:02:29]} 37. Ke3 {[%clk
0:08:32]} Nd8 {[%clk 0:01:25]} 38. Rxe7+ {[%clk 0:08:24]} Kxe7 {[%clk 0:01:52]}
39. Ke4 {[%clk 0:08:13]} Nf7 {[%clk 0:01:19]} 40. g4 {[%clk 0:03:58]} a6 {[%clk
0:01:02]} 41. f5 {[%clk 0:00:54]} g5 {[%clk 0:30:05]} 42. Bg7 {[%clk 0:29:06]}
Kd7 {[%clk 0:29:11]} 43. Kd5 {[%clk 0:28:51]} Nd8 {[%clk 0:25:43]} 44. Bf8
{[%clk 0:28:34]} Nf7 {[%clk 0:25:29]} 45. f6 {[%clk 0:28:32]} a5 {[%clk
0:24:24]} 46. a4 {[%clk 0:28:48]} Kc7 {[%clk 0:21:29]} 47. Ke6 {[%clk 0:28:49]}
Nd8+ {[%clk 0:21:50]} 48. Ke7 {[%clk 0:29:06]} Nc6+ {[%clk 0:22:02]} 49. Ke8
{[%clk 0:29:23]} 1-0

[Event "Deutsche Ländermeisterschaft 2021"]
[Site "Neumünster GER"]
[Date "2021.10.04"]
[Round "5"]
[White "Doll, Rebecca"]
[Black "Bashylina, Luisa"]
[Result "1/2-1/2"]
[Termination "normal"]
[Board "2.4"]
[BlackTitle "WCM"]
[WhiteElo "1970"]
[BlackElo "2000"]
[WhiteClock "00:16:37"]
[BlackClock "00:16:38"]
[WhiteTeam "Baden"]
[BlackTeam "Nordrhein-Westfalen"]
[PlyCount "54"]
[WhiteFideId "16236890"]
[BlackFideId "12983292"]
[EventCountry "GER"]
[EventRounds "7"]
[EventType "team-swiss"]
[EventDate "2021.10.01"]

1. e4 {[%clk 1:30:57]} c5 {[%clk 1:30:57]} 2. Nf3 {[%clk 1:30:59]} e6 {[%clk
1:31:23]} 3. d4 {[%clk 1:31:05]} cxd4 {[%clk 1:31:50]} 4. Nxd4 {[%clk 1:31:29]}
a6 {[%clk 1:32:16]} 5. c4 {[%clk 1:30:00]} Nf6 {[%clk 1:32:38]} 6. Nc3 {[%clk
1:30:19]} Qc7 {[%clk 1:33:04]} 7. a3 {[%clk 1:27:29]} b6 {[%clk 1:33:02]} 8.
Bd3 {[%clk 1:21:16]} Bb7 {[%clk 1:33:12]} 9. O-O {[%clk 1:19:02]} Nc6 {[%clk
1:31:59]} 10. Nf3 {[%clk 1:15:40]} Be7 {[%clk 1:30:52]} 11. Qe2 {[%clk
1:13:10]} d6 {[%clk 1:23:30]} 12. Bf4 {[%clk 1:11:12]} Ne5 {[%clk 1:18:38]} 13.
Nxe5 {[%clk 1:08:47]} dxe5 {[%clk 1:18:58]} 14. Be3 {[%clk 1:08:49]} O-O {[%clk
1:18:29]} 15. Rac1 {[%clk 1:04:55]} Rac8 {[%clk 1:12:35]} 16. Na4 {[%clk
0:56:10]} Nd7 {[%clk 1:08:47]} 17. b4 {[%clk 0:51:16]} Qc6 {[%clk 0:57:19]} 18.
Qd1 {[%clk 0:43:35]} a5 {[%clk 0:49:41]} 19. bxa5 {[%clk 0:36:10]} bxa5 {[%clk
0:49:37]} 20. c5 {[%clk 0:35:43]} Rfd8 {[%clk 0:45:10]} 21. f3 {[%clk 0:29:19]}
Rb8 {[%clk 0:32:09]} 22. Rc3 {[%clk 0:25:41]} Nf8 {[%clk 0:29:05]} 23. Qc2
{[%clk 0:23:06]} Rxd3 {[%clk 0:24:11]} 24. Rxd3 {[%clk 0:22:08]} Ba6 {[%clk
0:24:21]} 25. Rfd1 {[%clk 0:18:52]} Bxd3 {[%clk 0:22:16]} 26. Rxd3 {[%clk
0:19:05]} Nd7 {[%clk 0:21:00]} 27. Rc3 {[%clk 0:16:37]} Rc8 {[%clk 0:16:38]}
1/2-1/2

[Event "Deutsche Ländermeisterschaft 2021"]
[Site "Neumünster GER"]
[Date "2021.10.04"]
[Round "5"]
[White "Müdder, Melanie"]
[Black "Uhlmann, Tim"]
[Result "0-1"]
[Termination "normal"]
[Board "2.5"]
[WhiteElo "1949"]
[BlackElo "1726"]
[WhiteClock "00:07:08"]
[BlackClock "00:49:36"]
[WhiteTeam "Nordrhein-Westfalen"]
[BlackTeam "Baden"]
[PlyCount "146"]
[WhiteFideId "12994103"]
[BlackFideId "16239210"]
[EventCountry "GER"]
[EventRounds "7"]
[EventType "team-swiss"]
[EventDate "2021.10.01"]

1. e4 {[%clk 1:30:58]} e5 {[%clk 1:30:56]} 2. Nf3 {[%clk 1:31:23]} Nc6 {[%clk
1:31:24]} 3. Bc4 {[%clk 1:31:47]} Bc5 {[%clk 1:31:50]} 4. c3 {[%clk 1:31:50]}
Nf6 {[%clk 1:32:13]} 5. d4 {[%clk 1:32:12]} exd4 {[%clk 1:32:38]} 6. b4 {[%clk
1:32:27]} Bb6 {[%clk 1:31:50]} 7. e5 {[%clk 1:32:45]} d5 {[%clk 1:31:45]} 8.
exf6 {[%clk 1:33:01]} dxc4 {[%clk 1:32:09]} 9. Qe2+ {[%clk 1:33:18]} Be6 {[%clk
1:32:28]} 10. b5 {[%clk 1:33:39]} Na5 {[%clk 1:32:36]} 11. fxg7 {[%clk
1:33:23]} Rg8 {[%clk 1:32:41]} 12. Nxd4 {[%clk 1:31:25]} Bxd4 {[%clk 1:28:58]}
13. cxd4 {[%clk 1:31:17]} Qxd4 {[%clk 1:28:42]} 14. Bb2 {[%clk 1:31:39]} Qd3
{[%clk 1:29:05]} 15. Nc3 {[%clk 1:11:14]} O-O-O {[%clk 1:29:14]} 16. Ne4 {[%clk
0:54:56]} Bf5 {[%clk 1:21:11]} 17. Qxd3 {[%clk 0:48:50]} cxd3 {[%clk 1:20:23]}
18. Nd2 {[%clk 0:48:46]} Rde8+ {[%clk 1:16:39]} 19. Kf1 {[%clk 0:43:16]} b6
{[%clk 1:17:03]} 20. Re1 {[%clk 0:40:20]} Rxe1+ {[%clk 1:16:18]} 21. Kxe1
{[%clk 0:40:37]} Nb7 {[%clk 1:16:44]} 22. Nc4 {[%clk 0:34:40]} Nc5 {[%clk
1:16:24]} 23. Ne3 {[%clk 0:30:51]} Be6 {[%clk 1:15:36]} 24. h3 {[%clk 0:27:20]}
Ne4 {[%clk 1:10:05]} 25. Ng4 {[%clk 0:23:21]} d2+ {[%clk 1:09:44]} 26. Ke2
{[%clk 0:23:16]} Bc4+ {[%clk 1:09:14]} 27. Kf3 {[%clk 0:22:31]} f5 {[%clk
1:07:05]} 28. Ne3 {[%clk 0:19:18]} Bd3 {[%clk 0:51:21]} 29. Nd5 {[%clk
0:14:06]} Kd7 {[%clk 0:49:01]} 30. g4 {[%clk 0:12:32]} Kd6 {[%clk 0:35:46]} 31.
Nb4 {[%clk 0:09:10]} Bxb5 {[%clk 0:29:07]} 32. gxf5 {[%clk 0:07:13]} a5 {[%clk
0:26:54]} 33. Nc2 {[%clk 0:06:42]} Bc6 {[%clk 0:26:22]} 34. Ke3 {[%clk
0:01:46]} Nxf2 {[%clk 0:24:34]} 35. Kxf2 {[%clk 0:01:41]} Bxh1 {[%clk 0:24:49]}
36. Ke2 {[%clk 0:02:01]} Bd5 {[%clk 0:23:11]} 37. a3 {[%clk 0:01:15]} b5 {[%clk
0:22:38]} 38. Kxd2 {[%clk 0:01:01]} c5 {[%clk 0:22:59]} 39. Ne3 {[%clk
0:00:50]} c4 {[%clk 0:23:09]} 40. f6 {[%clk 0:00:42]} Be6 {[%clk 0:21:59]} 41.
Bc3 {[%clk 0:29:34]} Ra8 {[%clk 0:51:03]} 42. Nf5+ {[%clk 0:24:31]} Kc5 {[%clk
0:50:40]} 43. Bd4+ {[%clk 0:20:47]} Kd5 {[%clk 0:50:09]} 44. Bc3 {[%clk
0:20:47]} b4 {[%clk 0:49:11]} 45. axb4 {[%clk 0:19:54]} axb4 {[%clk 0:49:36]}
46. Bxb4 {[%clk 0:18:38]} Ke5 {[%clk 0:49:49]} 47. Ne3 {[%clk 0:15:31]} Kxf6
{[%clk 0:49:23]} 48. Bf8 {[%clk 0:15:07]} Kf7 {[%clk 0:48:44]} 49. h4 {[%clk
0:14:27]} h5 {[%clk 0:48:36]} 50. Kc3 {[%clk 0:13:09]} Rd8 {[%clk 0:48:54]} 51.
Ng2 {[%clk 0:11:56]} Rd3+ {[%clk 0:49:10]} 52. Kb4 {[%clk 0:11:06]} Rd4 {[%clk
0:49:31]} 53. Ne1 {[%clk 0:10:10]} Bd5 {[%clk 0:49:03]} 54. Kc5 {[%clk
0:08:43]} Rd2 {[%clk 0:49:05]} 55. Nc2 {[%clk 0:06:27]} Rxc2 {[%clk 0:49:10]}
56. Kxd5 {[%clk 0:06:51]} c3 {[%clk 0:49:09]} 57. Ke4 {[%clk 0:06:17]} Rg2
{[%clk 0:48:07]} 58. Kd3 {[%clk 0:05:42]} c2 {[%clk 0:48:28]} 59. g8=Q+ {[%clk
0:05:23]} Kxg8 {[%clk 0:48:45]} 60. Bh6 {[%clk 0:05:47]} Kf7 {[%clk 0:49:00]}
61. Kc3 {[%clk 0:05:31]} Kg6 {[%clk 0:49:06]} 62. Bd2 {[%clk 0:05:30]} Rg4
{[%clk 0:49:14]} 63. Kxc2 {[%clk 0:05:41]} Rxh4 {[%clk 0:49:35]} 64. Kd3 {[%clk
0:06:04]} Rg4 {[%clk 0:49:43]} 65. Ke3 {[%clk 0:06:11]} h4 {[%clk 0:50:03]} 66.
Kf3 {[%clk 0:06:17]} Kh5 {[%clk 0:50:30]} 67. Bf4 {[%clk 0:06:18]} h3 {[%clk
0:50:35]} 68. Bg3 {[%clk 0:06:13]} Kg5 {[%clk 0:49:28]} 69. Bh2 {[%clk
0:06:16]} Rg2 {[%clk 0:49:09]} 70. Bg3 {[%clk 0:06:37]} Ra2 {[%clk 0:49:18]}
71. Bf2 {[%clk 0:06:34]} h2 {[%clk 0:49:31]} 72. Kg2 {[%clk 0:06:47]} h1=Q+
{[%clk 0:49:13]} 73. Kxh1 {[%clk 0:07:08]} Rxf2 {[%clk 0:49:36]} 0-1

[Event "Deutsche Ländermeisterschaft 2021"]
[Site "Neumünster GER"]
[Date "2021.10.04"]
[Round "5"]
[White "Skembris, Simon Max"]
[Black "Besou, Hussain"]
[Result "0-1"]
[Termination "normal"]
[Board "2.6"]
[WhiteElo "1268"]
[BlackElo "1995"]
[WhiteClock "00:18:17"]
[BlackClock "01:23:23"]
[WhiteTeam "Baden"]
[BlackTeam "Nordrhein-Westfalen"]
[PlyCount "78"]
[WhiteFideId "16281381"]
[BlackFideId "16269950"]
[EventCountry "GER"]
[EventRounds "7"]
[EventType "team-swiss"]
[EventDate "2021.10.01"]

1. e4 {[%clk 1:30:58]} c5 {[%clk 1:30:46]} 2. Nf3 {[%clk 1:31:23]} d6 {[%clk
1:31:08]} 3. d4 {[%clk 1:31:43]} cxd4 {[%clk 1:31:31]} 4. Nxd4 {[%clk 1:32:09]}
Nf6 {[%clk 1:31:53]} 5. Nc3 {[%clk 1:32:33]} a6 {[%clk 1:32:18]} 6. f3 {[%clk
1:31:56]} e5 {[%clk 1:32:18]} 7. Nb3 {[%clk 1:32:16]} Be6 {[%clk 1:31:14]} 8.
Bg5 {[%clk 1:28:40]} Nbd7 {[%clk 1:31:13]} 9. Qd2 {[%clk 1:24:49]} Be7 {[%clk
1:28:24]} 10. Be2 {[%clk 1:14:52]} O-O {[%clk 1:28:12]} 11. Be3 {[%clk
1:06:35]} Rc8 {[%clk 1:27:39]} 12. g4 {[%clk 1:04:04]} Nb6 {[%clk 1:26:55]} 13.
h4 {[%clk 0:58:47]} d5 {[%clk 1:21:19]} 14. g5 {[%clk 0:54:17]} Nh5 {[%clk
1:21:28]} 15. Bxb6 {[%clk 0:53:11]} Qxb6 {[%clk 1:21:53]} 16. Nxd5 {[%clk
0:52:36]} Bxd5 {[%clk 1:22:16]} 17. exd5 {[%clk 0:50:32]} Ng3 {[%clk 1:22:39]}
18. Rf1 {[%clk 0:50:09]} Nxf1 {[%clk 1:23:00]} 19. Kxf1 {[%clk 0:49:57]} f6
{[%clk 1:23:01]} 20. Kg2 {[%clk 0:48:14]} fxg5 {[%clk 1:23:12]} 21. hxg5 {[%clk
0:47:15]} Qg6 {[%clk 1:23:28]} 22. Bd3 {[%clk 0:43:37]} Qh5 {[%clk 1:22:56]}
23. Be4 {[%clk 0:39:28]} Bxg5 {[%clk 1:23:19]} 24. Qd3 {[%clk 0:37:45]} Bh4
{[%clk 1:23:18]} 25. Rh1 {[%clk 0:33:59]} Qg5+ {[%clk 1:23:41]} 26. Kf1 {[%clk
0:34:07]} g6 {[%clk 1:23:58]} 27. Rg1 {[%clk 0:31:36]} Qf4 {[%clk 1:24:14]} 28.
Nd2 {[%clk 0:28:58]} Qh2 {[%clk 1:23:21]} 29. Rg2 {[%clk 0:26:46]} Qh1+ {[%clk
1:22:34]} 30. Rg1 {[%clk 0:27:01]} Qh3+ {[%clk 1:22:57]} 31. Rg2 {[%clk
0:26:45]} Rf6 {[%clk 1:21:14]} 32. d6 {[%clk 0:23:01]} Qd7 {[%clk 1:21:32]} 33.
Qd5+ {[%clk 0:21:58]} Kg7 {[%clk 1:21:39]} 34. Qxe5 {[%clk 0:20:24]} Qxd6
{[%clk 1:21:44]} 35. Qxd6 {[%clk 0:20:18]} Rxd6 {[%clk 1:22:06]} 36. c3 {[%clk
0:19:38]} Rcd8 {[%clk 1:22:16]} 37. Rh2 {[%clk 0:18:22]} Rxd2 {[%clk 1:22:33]}
38. Rxh4 {[%clk 0:18:41]} Rxb2 {[%clk 1:22:57]} 39. a4 {[%clk 0:18:17]} Rd1#
{[%clk 1:23:23]} 0-1

[Event "Deutsche Ländermeisterschaft 2021"]
[Site "Neumünster GER"]
[Date "2021.10.04"]
[Round "5"]
[White "Trunz, Michelle"]
[Black "Henninger, Claire"]
[Result "1/2-1/2"]
[Termination "normal"]
[Board "2.7"]
[WhiteElo "1722"]
[BlackElo "1476"]
[WhiteClock "00:04:30"]
[BlackClock "00:06:34"]
[WhiteTeam "Nordrhein-Westfalen"]
[BlackTeam "Baden"]
[PlyCount "76"]
[WhiteFideId "16227980"]
[BlackFideId "16200659"]
[EventCountry "GER"]
[EventRounds "7"]
[EventType "team-swiss"]
[EventDate "2021.10.01"]

1. d4 {[%clk 1:30:58]} d5 {[%clk 1:30:56]} 2. c4 {[%clk 1:31:21]} e6 {[%clk
1:31:23]} 3. Nf3 {[%clk 1:31:24]} Nf6 {[%clk 1:30:24]} 4. Bg5 {[%clk 1:30:33]}
Be7 {[%clk 1:29:07]} 5. e3 {[%clk 1:30:38]} h6 {[%clk 1:26:31]} 6. Bh4 {[%clk
1:30:34]} Nbd7 {[%clk 1:26:33]} 7. Nc3 {[%clk 1:30:27]} O-O {[%clk 1:26:11]} 8.
Bd3 {[%clk 1:30:35]} b6 {[%clk 1:26:11]} 9. O-O {[%clk 1:30:40]} Bb7 {[%clk
1:26:12]} 10. Qe2 {[%clk 1:30:23]} c5 {[%clk 1:25:05]} 11. cxd5 {[%clk
1:30:18]} Nxd5 {[%clk 1:22:38]} 12. Bxe7 {[%clk 1:30:01]} Qxe7 {[%clk 1:22:38]}
13. Rac1 {[%clk 1:28:47]} Rfc8 {[%clk 1:15:14]} 14. a3 {[%clk 1:26:56]} Nxc3
{[%clk 1:10:05]} 15. Rxc3 {[%clk 1:25:56]} cxd4 {[%clk 1:10:00]} 16. Rxc8+
{[%clk 1:25:10]} Rxc8 {[%clk 1:10:08]} 17. Nxd4 {[%clk 1:22:49]} Nc5 {[%clk
1:06:04]} 18. Bc4 {[%clk 1:14:53]} Na4 {[%clk 0:59:54]} 19. b3 {[%clk 1:06:09]}
Nc3 {[%clk 0:57:52]} 20. Qg4 {[%clk 1:03:05]} Nd5 {[%clk 0:46:04]} 21. a4
{[%clk 0:57:23]} Nf6 {[%clk 0:44:24]} 22. Qe2 {[%clk 0:51:22]} Bd5 {[%clk
0:39:38]} 23. Bxd5 {[%clk 0:41:51]} Nxd5 {[%clk 0:38:48]} 24. Qb2 {[%clk
0:38:33]} Rc5 {[%clk 0:35:25]} 25. Rc1 {[%clk 0:31:57]} Nb4 {[%clk 0:30:53]}
26. Qd2 {[%clk 0:21:41]} Qc7 {[%clk 0:26:08]} 27. Rd1 {[%clk 0:21:37]} Nd5
{[%clk 0:17:49]} 28. Nb5 {[%clk 0:20:50]} Qb7 {[%clk 0:16:26]} 29. e4 {[%clk
0:18:55]} a6 {[%clk 0:14:40]} 30. Nd6 {[%clk 0:17:04]} Qc6 {[%clk 0:13:29]} 31.
Nc4 {[%clk 0:15:08]} Nf6 {[%clk 0:10:10]} 32. Qd8+ {[%clk 0:12:57]} Kh7 {[%clk
0:09:50]} 33. f3 {[%clk 0:12:20]} b5 {[%clk 0:08:18]} 34. Rd6 {[%clk 0:07:05]}
Qc7 {[%clk 0:07:28]} 35. Qxc7 {[%clk 0:06:43]} Rxc7 {[%clk 0:07:53]} 36. axb5
{[%clk 0:06:29]} axb5 {[%clk 0:08:01]} 37. Na3 {[%clk 0:04:13]} Rc3 {[%clk
0:06:20]} 38. Nxb5 {[%clk 0:04:30]} Rxb3 {[%clk 0:06:34]} 1/2-1/2

[Event "Deutsche Ländermeisterschaft 2021"]
[Site "Neumünster GER"]
[Date "2021.10.04"]
[Round "5"]
[White "Haug, Mara"]
[Black "Trunz, Tamila"]
[Result "1-0"]
[Termination "normal"]
[Board "2.8"]
[WhiteElo "1326"]
[BlackElo "1298"]
[WhiteClock "01:10:45"]
[BlackClock "00:57:07"]
[WhiteTeam "Baden"]
[BlackTeam "Nordrhein-Westfalen"]
[PlyCount "65"]
[WhiteFideId "16259300"]
[BlackFideId "16267885"]
[EventCountry "GER"]
[EventRounds "7"]
[EventType "team-swiss"]
[EventDate "2021.10.01"]

1. e4 {[%clk 1:30:56]} e5 {[%clk 1:30:52]} 2. Nf3 {[%clk 1:31:19]} Nc6 {[%clk
1:31:12]} 3. Bc4 {[%clk 1:31:43]} Bc5 {[%clk 1:31:29]} 4. c3 {[%clk 1:32:08]}
Nf6 {[%clk 1:31:23]} 5. d4 {[%clk 1:32:27]} exd4 {[%clk 1:31:24]} 6. e5 {[%clk
1:32:45]} d5 {[%clk 1:30:16]} 7. Bb5 {[%clk 1:33:05]} Ne4 {[%clk 1:26:34]} 8.
cxd4 {[%clk 1:33:27]} Bb4+ {[%clk 1:25:01]} 9. Bd2 {[%clk 1:33:33]} Bxd2+
{[%clk 1:24:48]} 10. Nbxd2 {[%clk 1:33:50]} a6 {[%clk 1:24:27]} 11. Bxc6+
{[%clk 1:32:19]} bxc6 {[%clk 1:24:38]} 12. Qc2 {[%clk 1:28:21]} Nxd2 {[%clk
1:24:10]} 13. Nxd2 {[%clk 1:27:44]} Bb7 {[%clk 1:23:14]} 14. Nb3 {[%clk
1:25:38]} a5 {[%clk 1:17:24]} 15. Qc3 {[%clk 1:23:11]} a4 {[%clk 1:04:02]} 16.
Na5 {[%clk 1:22:11]} Rb8 {[%clk 1:01:20]} 17. Nxb7 {[%clk 1:22:23]} Rxb7 {[%clk
1:01:42]} 18. Qxc6+ {[%clk 1:22:37]} Qd7 {[%clk 1:01:07]} 19. Qxb7 {[%clk
1:22:54]} O-O {[%clk 1:01:19]} 20. Qb4 {[%clk 1:22:13]} Qg4 {[%clk 1:01:20]}
21. O-O {[%clk 1:22:24]} h6 {[%clk 1:01:07]} 22. Qxa4 {[%clk 1:22:21]} Kh7
{[%clk 1:00:24]} 23. Rfd1 {[%clk 1:20:36]} Rb8 {[%clk 1:00:11]} 24. Qc2+ {[%clk
1:19:13]} Kh8 {[%clk 0:59:57]} 25. b3 {[%clk 1:16:37]} Rb6 {[%clk 1:00:04]} 26.
Qxc7 {[%clk 1:14:04]} Rg6 {[%clk 0:59:31]} 27. Qd8+ {[%clk 1:13:43]} Kh7 {[%clk
0:59:45]} 28. Qxd5 {[%clk 1:12:57]} Ra6 {[%clk 0:59:50]} 29. Qf3 {[%clk
1:10:14]} Qg6 {[%clk 0:58:36]} 30. Qd3 {[%clk 1:10:12]} f5 {[%clk 0:57:35]} 31.
exf6 {[%clk 1:10:17]} Qxd3 {[%clk 0:57:21]} 32. Rxd3 {[%clk 1:10:36]} Rxf6
{[%clk 0:57:07]} 33. Kf1 {[%clk 1:10:45]} 1-0